[Event "Wellington Club Championship - Open Swiss"]
[Site "Wellington Chess Club"]
[Date "2023.10.14"]
[Round "3.3"]
[White "Brockway, Andrew"]
[Black "McConnell, Jack"]
[Result "1/2-1/2"]
[WhiteElo "1675"]
[BlackElo "1640"]

1. e4 c5 2. Nc3 e6 3. f4 d5 {Andrew and I had played two prior games in this
variation, with a win each.} 4. Bb5+ {Brockway-McConnell, Julian Mazur
Memorial, Wellington 2022, featured the move 4.Nf3, which is another major way
for White to play the position.} 4... Bd7 5. Bxd7+ Qxd7 6. d3 {And here Andrew
deviates from Brockway-McConnell, Club Champs Swiss, Wellington 2022, which
would have been reached by transposition after 6.Nf3 dxe4. Opting to keep the
pawn duo e4-f4 intact without blocking in the light-squared bishop is the major
advantage of this move-order.} 6... Nc6 7. Nf3 a6 {It had been a while since I
looked at the lines for this variation so I was unsure about the timing for
...Nf6 (though it turns out this is the main move). ...a6 is a perfectly viable
option, though so far it has scored poorly for Black. many other moves are
playable including ...Be7, ...0-0-0, ...Nge7 and even the unusual ...f6.}  (
7... Nf6 8. O-O Be7 9. Ne5 {M.Micayabas-A.Stripunsky, Foxwoods Open,
Connecticut 2007 (along with other games)} ) 8. Qe2 {Carrying the simple threat
of exd5.} 8... Nf6 9. Ne5 {Also possible was an aggressive sequence following
9.exd5:}  (9. exd5 Nxd5 10. f5 $5 Nc7 $1 11. O-O Be7 $11) 9... Qd8 $6 {Allowing
the doubling of pawns looked necessary but in fact wasn't}  (9... Qc7 10. exd5
$6 {This move looked like an issue to me, but Black has a handy intermezzo.}
10... Nd4 $1 {The queen cannot remain on the e-file.} 11. Qf2 exd5 $15) 10.
Nxc6 bxc6 11. O-O {White has a small but stable structural advantage.} 11...
Be7 12. b3 {This potentially isn't the optimal development route for the
bishop. Bd2 instead was fine, and stockfish also suggests the ambitious g4!?}
12... O-O $6 {Missing an opportunity to get some counterplay.}  (12... c4 $1
13. bxc4 dxc4 14. Be3 {The threat of ...Qd4+ enables this break, and is potent
specifically because of the weakening move b3.} ) 13. Ba3 $6 {Amusingly the
position now resembles a Samisch Nimzo-Indian in some of its characteristics,
with this construction of bishop and knight on the a-file attacking the weak
doubled c-pawns. Unfortunately for White this move allows an equalising break,
which indeed is very thematic in the Samisch Variation of the Nimzo, for
example in the game M.Carlsen-Ding Liren, Lindores Abbey (rapid) 2019.} 13...
c4 $1 {Initiating a series of trades that ensure equality for Black.} 14. Bxe7
cxd3 {The intermezzo upon which this tactic depends.} 15. Bxd8 $6 {Potentially
a slight inaccuracy to trade queens. White would have remained the side with a
kingside attack had queens stayed on the board, whereas now there is nothing to
counterbalance Black's queenside pressure.} 15... dxe2 16. Nxe2 Rfxd8 17. exd5
cxd5 {I spent some time considering ...Rxd5, but ultimately decided the my
rooks would be more active than White's regardless, and so the better structure
and more control of the centre were to be preferred.} 18. Nd4 $6 {Slightly
inaccurate. c4 seems like a very important break for White to achieve, so
preparing it immeadiately with Rac1 felt like the best move. Andrew decides
instead to try and achieve an f5 break.} 18... Rac8 19. Rfe1 Ne4 20. Rac1 (20.
c4 {This move was tempting, but Andrew probably rightly decided against it.
White successfully makes the break but Black's rooks are the one which stand to
benefit from the files that are opening up.} 20... Nf6 21. cxd5 Nxd5 22. Ne2
Rc2 $15) 20... Nc3 21. a3 {f5 is possible, and was the move I was trying to
calculate in the game.}  (21. f5 $5 exf5 22. Nxf5 Kf8 23. a3 d4 24. Ra1 $15)
21... Nb5 {This move immeadiately limits White's couterplay, but in return
offers further simplification. ...g6 instead was a perfectly viable way of
preventing f5, although I didn't play it because I was worried about my knight
getting stuck on c3 after a4.} 22. Nxb5 axb5 23. g3 Rc3 24. a4 $6 {Unprovoked,
White chooses to allow a damaging of the queenside pawn structure and the trade
of Black's isolated pawn.} 24... bxa4 25. bxa4 Ra8 26. f5 $5 {Now counterplay
is absolutely necessary.} 26... exf5 27. Red1 g6 28. Rxd5 Rxa4 29. Rd3 Rxd3 $6
{A mistake which gives away a large chunk of Black's advantage.}  (29... Rcc4
$1 {This move was best, cementing control of the 4th rank and avoiding a rook
trade.} ) 30. cxd3 Rd4 31. Rd1 {White could have defended the pawn slightly
more actively with Rc3. The goal is not to promote, but simply to defend, and
having the option to give check along the c-file is useful to this end.} 31...
Kg7 32. Kf2 Kf6 $6 {Missing a valuable opportunity to break for Black.}  (32...
f4 $1 33. Kf3 (33. gxf4 Rxf4+ 34. Ke3 Rh4 35. Rd2 f5 36. d4 Rh3+ 37. Kf4 Kf6
38. Rg2 {Forced, to prevent checkmate.} 38... g5+ 39. Rxg5 Rh4+ 40. Kf3 Kxg5)
33... fxg3 34. hxg3 h5) 33. Ke3 Ra4 $6 {g4 was a better square for Black's rook
retaining more winning chances.} 34. Rd2 g5 (34... h5 $1 35. h4 Rg4 36. Kf3 f4
$1 37. gxf4 Kf5 38. Rh2 Rxf4+ 39. Kg3 Rd4 $19) 35. d4 Ra3+ 36. Kf2 Ke6 37. Re2+
Kd7 $6 {Giving White a draw immeadiately, based on a hallucination that an
exchange of rooks would be forced after White's 39th move.} 38. Re5 f6 39. Rxf5
Ke6 40. Rb5 (40. Rf3 {Amusingly the line I counted on to retain winning chances
is still not winning, and White is actually safe to allow the rook trade.}
40... Rxf3+ 41. Kxf3 f5 42. h4 h6 43. hxg5 hxg5 44. Ke3 Kd6 45. Kd3 Kd5 46. Ke3
{Black has no way to break through.} 46... Kc4 47. g4 $1 fxg4 48. Ke4 g3 49.
Kf3 Kxd4 50. Kxg3 Ke4 51. Kg4 Ke5 52. Kxg5) 40... Rd3 41. Ke2 {Still a draw,
but there is no need to give this pawn up without forcing a trade with h4.}
41... Rxd4 42. Rb6+ Kf5 43. Kf3 h5 44. Rb5+ Kg6 45. h3 Ra4 46. Kg2 Ra2+ 47. Kg1
Re2 48. Ra5 Re5 49. Ra4 Re2 50. Rb4 Ra2 51. Rc4 Ra6 52. Rb4 f5 53. Kg2 Rf6
{Having tried to break through for some time I decided to make one last
attempt.} 54. Ra4 f4 55. gxf4 gxf4 56. Kf3 Kg5 57. h4+ {The classiest way to
secure the draw.} 57... Kxh4 58. Rxf4+ Rxf4+ 59. Kxf4 1/2-1/2

[Event "Wellington Club Championship - Open Swiss"]
[Site "Wellington Chess Club"]
[Date "2023.10.14"]
[Round "3.4"]
[White "Sova, Leo"]
[Black "Farrington, Lawrence"]
[Result "0-1"]
[WhiteElo "1645"]
[BlackElo "1506"]

1. e4 e6 2. d4 d5 3. exd5 exd5 4. c4 Be6 5. Nf3 Nc6 6. c5 Nf6 7. Nc3 a6 8. Bd3
Be7 9. O-O h6 10. Bf4 Nb4 11. Qa4+ Nc6 12. Ne5 Bd7 13. Nxd7 Qxd7 14. Nb5 O-O
15. Nxc7 Rac8 16. h3 Rxc7 17. Bxc7 Qxc7 18. Rfe1 Re8 19. Rad1 Kf8 20. g3 Qd7
21. Bf1 Ne4 22. Bg2 Nf6 23. b4 Nb8 24. Qxd7 Nbxd7 25. a4 Nb8 26. b5 a5 27. f4
Rd8 28. Kf2 Re8 29. Re3 Bd8 30. Rde1 Rxe3 31. Rxe3 Nbd7 32. Kf3 Ne4 33. Ke2 f5
34. Bxe4 fxe4 35. Kf2 Bf6 36. c6 bxc6 37. bxc6 Nb6 38. Rb3 Bxd4+ 39. Ke2 Ke7
40. Rb5 Kd6 41. c7 Kxc7 42. Rxa5 Kc6 43. g4 Nc4 44. Rb5 Nb6 45. Ra5 Bc3 46. Ra6
Kb7 47. Rxb6+ Kxb6 48. h4 Bf6 49. g5 hxg5 50. hxg5 Be7 51. g6 Bf6 52. Ke3 Ka5
53. f5 Kxa4 0-1

[Event "Wellington Club Championship - Open Swiss"]
[Site "Wellington Chess Club"]
[Date "2023.10.14"]
[Round "3.6"]
[White "Pollock, Gavin"]
[Black "Fairbrother, Rebecca"]
[Result "1-0"]
[WhiteElo "1825"]
[BlackElo "918"]

1. e4 e5 2. Nf3 Nc6 3. Bb5 Nf6 4. O-O Nxe4 5. Re1 f5 6. d3 Bb4 7. c3 Ba5 8.
dxe4 Bb6 9. Nxe5 Nxe5 10. exf5 Qe7 11. Bf4 O-O 12. Rxe5 Qh4 13. Qd5+ Kh8 14.
Bg3 Qd8 15. Nd2 d6 16. Re2 Bxf5 17. Bc4 Qf6 18. Nf3 Rae8 19. Rxe8 Rxe8 20. Bh4
Qf8 21. Ng5 Qf6 22. Nf7+ Qxf7 23. Qxf7 Rg8 24. Qxg8# 1-0

[Event "Wellington Club Championship - Open Swiss"]
[Site "Wellington Chess Club"]
[Date "2023.10.14"]
[Round "3.9"]
[White "Hupert, Leo"]
[Black "Forster, Bill"]
[Result "0-1"]
[WhiteElo "1350"]
[BlackElo "2016"]

1. e4 e5 2. Bc4 Nf6 3. d3 Bc5 4. c3 d6 5. h3 c6 6. Nf3 Nbd7 7. Qb3 Qe7 8. Ng5
O-O 9. Qd1 h6 10. Nf3 d5 11. Bb3 Re8 12. Nh4 Nxe4 13. dxe4 (13. Nf5 Bxf2+ 14.
Ke2 Ng3+ 15. Kxf2 Nxh1+ 16. Qxh1 Qf6 17. g4 g6) 13... Qxh4 14. Qf3 Nf6 15. g3
Qxe4+ 16. Qxe4 Nxe4 17. Be3 Bxe3 18. fxe3 Nxg3 19. Rg1 Nh5 20. h4 Bf5 21. Nd2
Nf6 22. Nf3 Rad8 23. Rd1 Be4 24. Rg3 Nh5 25. Rh3 Bf5 26. Ng1 Bxh3 27. Nxh3 d4
28. exd4 exd4+ 29. Kf2 d3 30. Ng1 b5 31. Rd2 c5 32. c4 a6 33. Bd1 Nf6 34. Bf3
Ne4+ 35. Bxe4 Rxe4 36. cxb5 axb5 37. Kf3 Rxh4 0-1

[Event "Wellington Club Championship - Open Swiss"]
[Site "Wellington Chess Club"]
[Date "2023.10.14"]
[Round "3.10"]
[White "Tan, Jin"]
[Black "Coates, Alex"]
[Result "0-1"]
[WhiteElo "1236"]
[BlackElo "1745"]

1. e4 c6 2. d4 d5 3. Nc3 dxe4 4. Nxe4 Nf6 5. Nxf6+ exf6 6. Nf3 Bd6 7. Be2 O-O
8. O-O Bg4 9. h3 Bh5 10. Be3 Re8 11. Re1 Nd7 12. c3 Nb6 13. b3 Nd5 14. Bd2 Qc7
15. c4 Nf4 16. c5 Nxe2+ 17. Rxe2 Bf4 18. Bxf4 Qxf4 19. Rxe8+ Rxe8 20. Qd2 Qb8
21. Nh2 Re2 22. Qc3 Qf4 23. Qg3 Qxg3 24. fxg3 Rd2 25. g4 Bg6 26. Nf3 Rd3 27.
Re1 Kf8 28. Kf2 Rc3 29. Rd1 h5 30. Kg3 hxg4 31. Kxg4 Be4 32. Rd2 g6 33. Kg3 a5
34. Kf2 Bd5 35. Ne1 a4 36. Rd3 Rc1 37. b4 Bxa2 38. Rd2 Bd5 39. Rc2 Rb1 40. Nd3
a3 41. Nc1 Rb2 0-1

[Event "Wellington Club Championship - Open Swiss"]
[Site "Wellington Chess Club"]
[Date "2023.10.14"]
[Round "3.11"]
[White "Ulm, Joy"]
[Black "Joseph, Joji Chacko"]
[Result "1-0"]
[WhiteElo "1664"]
[BlackElo "1305"]

1. d4 c6 2. c4 d5 3. cxd5 cxd5 4. Bf4 Bf5 5. Nc3 e6 6. e3 Bb4 7. Bb5+ Nc6 8.
Nf3 Ne7 9. O-O O-O 10. Qb3 Rc8 11. Rac1 a6 12. Be2 Ng6 13. Bg3 Qd7 14. Na4 Ba5
15. Nc5 Qe7 16. Qxb7 Qxb7 17. Nxb7 Nge7 18. Nxa5 Nxa5 19. Bxa6 Rc6 20. Rxc6
Nexc6 21. Rc1 Nb4 22. Be2 Nd3 23. Bxd3 Bxd3 24. Ne5 Be2 25. Nc6 Nc4 26. b3 Nb6
27. Bd6 Re8 28. Ne5 Rd8 29. Bc5 Rc8 30. Re1 f6 31. Rxe2 fxe5 32. g3 Nd7 33. b4
Nxc5 34. dxc5 Kf7 35. a4 d4 36. e4 d3 37. Rd2 Rb8 38. b5 Ra8 39. Rxd3 Rxa4 40.
c6 Rc4 41. Kf1 Ke8 42. Ke2 Rxe4+ 43. Kd2 Rc4 44. Rc3 Rd4+ 45. Kc2 Kd8 46. Rd3
Kc7 47. Rxd4 exd4 48. f4 g5 49. Kd3 gxf4 50. gxf4 1-0

[Event "Wellington Club Championship - Open Swiss"]
[Site "Wellington Chess Club"]
[Date "2023.10.14"]
[Round "3.14"]
[White "Qu, Lucas"]
[Black "Frost, Paul"]
[Result "0-1"]
[WhiteElo "1628"]
[BlackElo "1818"]

1. e4 e5 2. Nf3 Nc6 3. Bb5 a6 4. Ba4 Bc5 5. Nxe5 Bxf2+ 6. Kxf2 Nxe5 7. Rf1 Nf6
8. Kg1 b5 9. Bb3 c5 10. c3 c4 11. Bc2 Qb6+ 12. Kh1 O-O 13. d4 cxd3 14. Bxd3 Bb7
15. Qe2 Nxd3 16. Qxd3 Bxe4 17. Qg3 Rae8 18. Be3 Qc6 19. Bd4 Re6 20. Nd2 Bg6 21.
Qg5 Rfe8 22. Rad1 Ne4 23. Nxe4 Rxe4 24. h4 Qc7 25. Bf2 h6 26. Qd5 R8e7 27. Rd4
Rxd4 28. Qxd4 Qc4 29. Qxc4 bxc4 30. b3 Re2 31. bxc4 Rxa2 32. Bd4 Bd3 33. Rf4 f5
34. c5 Be4 35. Rf2 Ra1+ 36. Kh2 a5 37. Rb2 Kf7 38. Rf2 g6 39. Be3 h5 40. Rd2
Bc6 41. Kg3 a4 42. Bd4 Ra3 43. Kf4 Rb3 44. Kg3 a3 45. Ra2 Be4 46. Kf4 Rb2 47.
Rxa3 Rxg2 48. Ke5 Rh2 49. Ra7 Bc6 50. Rc7 Rxh4 51. Rc8 Re4+ 52. Kd6 Re6+ 53.
Kc7 Re8 54. Rxe8 Kxe8 55. Be3 Kf7 56. Kd6 Kf6 57. c4 g5 58. Bd4+ Kg6 59. Ke5 h4
60. Bf2 h3 61. Bg1 f4 62. Kd4 Kf5 63. Kd3 g4 64. Ke2 Ke4 65. Kf1 Kf3 66. Bh2 g3
67. Kg1 gxh2+ 68. Kxh2 Kg4 69. Kg1 Kg3 70. Kf1 h2 0-1

[Event "Wellington Club Championship - Open Swiss"]
[Site "Wellington Chess Club"]
[Date "2023.10.14"]
[Round "3.17"]
[White "He, Zachary"]
[Black "Van Laanen, Bas"]
[Result "1-0"]
[WhiteElo "1150"]
[BlackElo "1138"]

1. e4 d5 2. exd5 Qxd5 3. Nc3 Qa5 4. Nf3 Bf5 5. Bc4 e6 6. d3 c6 7. Nh4 Bg6 8.
Nxg6 hxg6 9. O-O Qc7 10. g3 Nd7 11. Qf3 Ne5 12. Qf4 Bd6 13. Bb3 Nxd3 14. Qd2
Ne5 15. Qe2 O-O-O 16. Ne4 Qa5 17. Nxd6+ Rxd6 18. Bf4 f6 19. Rad1 Rxd1 20. Rxd1
Kb8 21. Bxe6 g5 22. Bxe5+ fxe5 23. Qd3 Nf6 24. Qg6 Qc7 25. Qxg5 Ne4 26. Qg4
Nxf2 27. Kxf2 Rxh2+ 28. Kg1 Rxc2 29. Qg6 a6 30. Qxc2 1-0

[Event "Wellington Club Championship - Open Swiss"]
[Site "Wellington Chess Club"]
[Date "2023.10.19"]
[Round "4.1"]
[White "Forster, Bill"]
[Black "Chang, Luke"]
[Result "0-1"]
[WhiteElo "2016"]
[BlackElo "1632"]

1. d4 d5 2. e4 dxe4 3. Nc3 Nf6 4. Bg5 Nbd7 5. f3 exf3 6. Nxf3 e6 7. Bd3 c6 8.
O-O Be7 9. Qe2 h6 10. Bd2 b6 11. Rae1 Bb7 12. Ne5 O-O 13. Ne4 c5 14. Nxd7 Qxd7
15. Nxf6+ Bxf6 16. Rxf6 gxf6 17. Qh5 Qxd4+ 18. Re3 f5 19. Kh1 f4 20. Bc3 Qd5
21. Qg4+ Qg5 22. Qxg5+ hxg5 23. Rh3 f6 24. Rh6 e5 0-1

[Event "Wellington Club Championship - Open Swiss"]
[Site "Wellington Chess Club"]
[Date "2023.10.19"]
[Round "4.2"]
[White "Ashe, Michael"]
[Black "Farrington, Lawrence"]
[Result "0-1"]
[WhiteElo "1707"]
[BlackElo "1506"]

1. d4 Nf6 2. c4 e6 3. Nc3 Bb4 4. f3 c5 5. d5 d6 6. e4 exd5 7. cxd5 Bxc3+ 8.
bxc3 Bd7 9. Bg5 h6 10. Bh4 Qa5 11. Bxf6 gxf6 12. Qd2 Bb5 13. Bxb5+ Qxb5 14. Ne2
Nd7 15. O-O Ne5 16. Ng3 Qd7 17. Qe2 c4 18. Nf5 O-O-O 19. Rfb1 Kb8 20. Ne3 Rc8
21. a4 Nd3 22. Nxc4 Rxc4 23. Qxd3 Rxa4 24. Rxb7+ Kxb7 0-1

[Event "Wellington Club Championship - Open Swiss"]
[Site "Wellington Chess Club"]
[Date "2023.10.19"]
[Round "4.3"]
[White "Hunt, Liam"]
[Black "Pomeroy, Arthur"]
[Result "0-1"]
[WhiteElo "1690"]
[BlackElo "2021"]

1. e4 c5 2. Nc3 g6 3. d4 cxd4 4. Qxd4 Nf6 5. b3 Nc6 6. Qd2 Bg7 7. f3 d5 8. Bb2
d4 9. Nd5 Nxd5 10. exd5 Qxd5 11. Bc4 Qc5 12. Ne2 O-O 13. Bd3 e5 14. O-O-O Nb4
15. Kb1 Nxd3 16. cxd3 a5 17. g4 a4 18. b4 Qd5 19. a3 Be6 20. Nc1 Qxf3 21. h3
Rfc8 22. Rdf1 Qd5 23. Ba1 Rc7 24. Rh2 Rac8 25. Qb2 e4 26. Re2 Bh6 27. Na2 exd3
28. Re3 Bxe3 0-1

[Event "Wellington Club Championship - Open Swiss"]
[Site "Wellington Chess Club"]
[Date "2023.10.19"]
[Round "4.4"]
[White "McConnell, Jack"]
[Black "Aldridge, Alan"]
[Result "1-0"]
[WhiteElo "1640"]
[BlackElo "1894"]

1. e4 e5 2. Nf3 Nc6 3. Bc4 Bc5 4. c3 Nf6 5. d3 d6 6. Bb3 h6 {One of Black's
many options. This potentially prepares a kingside attack, but could also just
be a useful waiting move while Black works out how they'd like to arrange their
pieces.} 7. h3 {White's most flexible response, I wanted to wait before
commiting my king to the kingside where it might come under attack. However,
either 7.Nbd2 or 7.0-0 might be better options.}  (7. Nbd2 a5 {7...0-0 is the
main line, but this move seems more challenging. There is a simple remedy to
7...Bg4 with h3, Nf1, and Ng3 breaking the pin.} 8. h3 Be6 9. O-O {9.Bc2!?
might be slightly too provocative, though the move is tempting.} 9... O-O 10.
a4 $11) 7... a5 {Playing the Italian very much in the modern spirit with a
bolder ...a5 rather than the old ...a6.} 8. a4 $6 {A slight inaccuracy. The
issue appears to be the weakening of White's queenside, which renders somewhat
pointless attempts to delay castling kingside. According to stockfish Black now
has a free hand to begin the attack with 8...g5, and White will face an
uncomfortable decision as to where to put the king.}  (8. Nbd2 {This is the
main move in the position, which transposes to a number of games.} 8... Bd7 {An
interesting idea, planning to support a further push of the a-pawn.} 9. Nf1 Ne7
10. Ng3 Ng6 11. O-O {White could consider 11. a4 at this point.} 11... a4 12.
Bc2 O-O 13. d4 Ba7 14. Be3 b5 15. Qd2 Re8 16. Rad1 Qe7 17. Rfe1 Be6
{N.Abdusattorov-Lei Tingjie, Baer Polgar Challenge chess24. com (rapid) 2021.
Abdusattorov had a good position at this point, though the 2023 Women's World
Championship challenger went on to prevail.} ) 8... Ne7 $6 { The wrong plan to
take advantage of White's error, though otherwise not a bad move.} 9. O-O Ng6
10. Be3 {Going for a standard approach to the neutralisation of Black's
potential outpost. A capture on e3, now or on the following moves, would be met
by fxe3, guarding the f4-square. That being said White was ready to play 10.d4,
which might have been even more effective.}  (10. d4 Ba7 11. Re1 O-O 12. Nbd2
Be6 13. Bc2 c6 14. Nf1 b5 15. Ng3 {With play developing down pretty standard
lines.} ) 10... O-O (10... Bxe3 {Despite the fact that this plays into White's
plan, it might be Black's best option.} 11. fxe3 c6 12. Nbd2 O-O 13. Qe1 b5 14.
Qg3 {Producing a fairly double edged game where White has kingside pressure but
Black has a stable position and good space on the queenside.} ) 11. Nbd2 {Once
again 11.d4 should have been played. White should take advantage of the unusual
placement of the bishop (which has usually retreated to a7 or b6 for this very
reason) by winning a tempo on it to get the central break in, before defending
the e-pawn.} 11... Qe7 12. Re1 $6 {Once again White hesitates to play d4. I was
not entirely happy with this move, as it clearly loses a tempo given the rook
would like to be on the f-file in case of its opening, but Black's looming
threats against the e-pawn scared me off.}  (12. d4 $1 exd4 13. Bxd4 $1
{13.cxd4 is simpler and also roughly equal.} 13... Nxe4 $2 {Nothing can come of
the threats to the e-pawn because of White's coming Re1.} 14. Re1 Bxd4 15. cxd4
Nxd2 16. Rxe7 Nxf3+ 17. Qxf3 Nxe7) 12... Be6 13. Bc2 { Devoutly adhereing to
the Italian/Spanish plan. It is needlessly complicated to insist on maximising
the tension, but White is used to trusting in the eventual strength of the
dormant light-squared bishop.}  (13. Bxe6 $1 Qxe6 14. Bxc5 dxc5 15. Qb3 Qxb3
16. Nxb3 b6 {White has a small but workable edge in this endgame.} 17. Nbd2
Rad8 18. Nc4 Rfe8 19. Rad1) 13... Rad8 {Missing a last opportunity to capture
on e3.} 14. d4 $1 {Finally the break comes.} 14... Bb6 15. Nf1 {I spent some
time looking at potential expansions and captures with the d-pawn, but finding
nothing particularly satisfactory in any of those lines, either due to the
opening of the d-file or a potential Black kingside attack after the closure of
the center, I settled on this sound, patient move.} 15... Qe8 $6 {My opponent
told me after the game that the purpose of this move was to prepare the
d5-break. I don't get a much better impression of it now than I did during the
game. It seems slow, and doesn't do much to address the rapid
coming-into-their-own of White's pieces.} 16. Ng3 d5 $6 {A break which seems to
have been made at almost the most inopportune moment, when all of White's
pieces were ready to react. Much depends on the d- and -e-file dynamics, with
each queen paired off against an opposing rook.} 17. exd5 $5 {I saw this as an
uncomplicated way to reach a position I was confident would be better for me.
However, it missed a more complicated but in fact very good line.}  (17. Nxe5
$1 Nxe5 18. dxe5 Nxe4 19. Bxb6 cxb6 20. Qd3 g6 21. Ne2 {This position is
excellent for White, though difficult to see from afar with many confusing side
variations.} 21... Qe7 22. Qe3 Qg5 23. f4 Qe7 24. Qxb6 Qc5+ 25. Qxc5 Nxc5 26.
g4 {White has a crushing attack in the endgame, as well as an extra pawn and
the better pawn structure.} ) 17... exd4 $6 {Black can keep the damage to a
minimum with 17...Nxd5}  (17... Nxd5 18. Bxh6 $5 gxh6 19. Qd2 $1 Ndf4 20. Rxe5
$1 Qe7 21. Rae1 Qf6 22. Nh5 Nxh5 23. Rxh5 Qg7 24. Rxh6 Bd5 25. Be4 c6 26. Nh4
Nxh4 27. Rxh4 Bxe4 28. Rexe4 Rd6 29. Qe2 {White has good compensation for the
bishop in the form of three pawns and the attack.} ) 18. Bxd4 (18. Bxh6 $5
{This was an interesting possibility which I spent some time considering, but
I couldn't see the follow up to 18...dxc3.} 18... dxc3 19. bxc3 $1 {What could
be simpler than recapturing the pawn.} 19... Rxd5 20. Qc1 gxh6 21. Qxh6 Qc6
{Ultimately this line seems only good enough for a draw with perfect defence
from Black anyway.} ) 18... Nxd5 19. Bxg6 $6 {Once again missing a tricky way
to make the advantage stick.}  (19. Nh5 $1 Ndf4 20. Nxf4 Nxf4 21. Qc1 Nd5 22.
Bxb6 cxb6 23. Nd4 { White stands much better given the relative quality of the
bishops and pawns, not to mention the ongoing difficulties for Black along the
e-file.} ) 19... fxg6 20. Qc2 c5 $1 {Equalising for Black.} 21. Be3 Nxe3 {Now
seems like a good opportunity to step out of the pin while it's possible with
...Qf7} 22. Rxe3 Bc7 $2 {A critical error. Black absolutely had to play
22...c4.}  (22... c4 $1 23. Nd4 Rd6 24. Ne4 Rd5 25. Rae1 Qd7 26. Nc5 Bxc5 27.
Rxe6 Bxd4 28. cxd4 Rxd4 29. Rxg6 $11) 23. Rae1 {As simple as pinning to win.}
23... Rf6 24. Ne4 Rf5 25. Nxc5 Rxc5 26. Rxe6 Qf7 27. Re7 Qf5 28. Qb3+ Kh7 29.
Nd4 Rf8 $4 {Down to his last few seconds, my opponent made a final error.} 1-0